| 000 | 00397nam a22001577a 4500 | ||
|---|---|---|---|
| 003 | OSt | ||
| 005 | 20220117102603.0 | ||
| 008 | 220117b |||||||| |||| 00| 0 eng d | ||
| 020 | _a0340504110 | ||
| 040 | _cH.U | ||
| 082 | _a604.2 | ||
| 100 |
_aOstrowsky _928150 |
||
| 245 | _aEngineering Drawing With CAD Application | ||
| 260 |
_aNew Delhi _bButterWorth Hilnemann _c1989 |
||
| 942 |
_2ddc _cBOOKS _n0 |
||
| 999 |
_c27249 _d27249 |
||